| 000 | 00977nam a22002537a 4500 | ||
|---|---|---|---|
| 999 |
_c17289 _d17289 |
||
| 003 | AR-CdUCM | ||
| 008 | 190508b ||||| |||| 00| 0 spa d | ||
| 040 |
_aMUNICIPALIDAD PROVINCIAL DEL CUSCO _cBIBLIOTECA MUNICIPAL DEL CUSCO |
||
| 041 | _hrus | ||
| 082 |
_a530 / _bY38 |
||
| 100 |
_aYavorski, B.M. _937203 |
||
| 245 | _aManual de fisica / | ||
| 260 |
_aMoscu : _bMir, _c1972. |
||
| 300 |
_a960 paginas ; _bCuadros, formulas, diagramas, _c18 cm. |
||
| 505 | _aContenido : Fundamentos físicos de la materia clásica -- Dinámica del movimiento de traslación -- Trabajo y energía mecánica -- Dinámica del movimiento de rotación -- Fundamentos de la mecánica analítica... | ||
| 650 |
_aFisica _92382 |
||
| 650 |
_aTermodinámica _919746 |
||
| 650 |
_aGases reales _937204 |
||
| 650 |
_aCinética de los gases _937205 |
||
| 650 |
_aLey de Newton _937206 |
||
| 700 |
_aMolina Garcia, Antonio (Traducción) _921684 |
||
| 942 |
_2ddc _cLIBROS |
||
| 945 |
_awnts _d2019-05-8 |
||